000 00724nam a2200289Ia 4500
005 20260324134553.0
008 008 260324s9999 xx 000 0 eng d
020 _a9781315785981
037 _aEBOOK
040 _aCRL
040 _beng
040 _cCRL
041 _2eng
041 _aeng
084 _qCRL
100 _aJerrold R Brandell
_91197319
245 0 _aPsychoanalytic Approaches to the Treatment of Children and Adolescents
245 0 _bTradition and Transformation
260 _bTaylor and Francis
260 _c2001
365 _a
365 _b89.99
856 _uhttp://www.taylorfrancis.com/books/9781315785981
942 _cEBOOK
999 _c1797559
_d1797559